000 00748cam a2200229 a 4500
001 3749907
005 20180314100931.0
008 820212s1982 maua bc 001 0 eng
010 _a 82002310
020 _a0821215019 :
_c$32.50
020 _a082121506X (pbk.)
040 _aDLC
_cDLC
_dDLC
041 _aeng
080 _a759.6 GRE
082 0 0 _a759.6 GRE
_219
100 0 _a44
101 _aART
245 1 3 _aEl Greco of Toledo /
_cexhibition ... organized by the Toledo Museum of Art, with Museo del Prado, National Gallery of Art, Dallas Museum of Fine Arts ; contributions by Jonathan Brown ... [et al.].
504 _aIncludes bibliographies and index.
906 _a7
_bcbc
_corignew
_d1
_eocip
_f19
_gy-gencatlg
942 _2ddc
_cBK
999 _c45053
_d45053